| 000 | 01041nam a2200301 a 4500 | ||
|---|---|---|---|
| 001 | 410954 | ||
| 005 | 19811211000000.0 | ||
| 008 | 811210s1980 enk b 001 0 eng | ||
| 010 | _a 80040198 | ||
| 015 | _aGB*** | ||
| 020 | _a0415571014 | ||
| 020 | _a9780415571012 | ||
| 040 |
_aDLC _cDLC _dDLC |
||
| 050 | 0 | 0 |
_aHB501.M37 _bP48 |
| 082 | 0 | 0 |
_a335.41 _222 _bPIL |
| 100 | 1 |
_aPilling, Geoffrey. _924240 |
|
| 245 | 1 | 0 |
_aMarx's Capital : _bPhilosophy and Political Economy / _cGeoffrey Pilling. |
| 260 |
_aLondon ; _aBoston : _bRoutledge & Kegan Paul, 1980 _cc1980. |
||
| 300 |
_a215 p. ; _c23 cm. |
||
| 490 |
_924244 _aRoutledge Revivals |
||
| 504 | _aIncludes bibliographical references(p. 208-210) and indexes | ||
| 600 | 1 | 0 |
_aMarx, Karl, _d1818-1883. _tKapital. _924241 |
| 650 | 0 |
_aCapital. _924242 |
|
| 650 | 0 |
_aEconomics. _924243 |
|
| 653 |
_bEco _cMay2011 |
||
| 942 |
_2ddc _cBB |
||
| 999 |
_c15432 _d15432 |
||